Cvičebnica dejín izraelských pre židovské ľudové školy pre tretí postupný ročník II.

Podrobná bibliografia
Hlavní autori: Fehér, Šimon (Autor), Brenne, Henr (Autor, Zostavovateľ, kompilátor)
Médium: Kniha
Jazyk:slovenčina
Fyzický popis:35, [1] s. 21 cm
Vydavateľské údaje: Praha Prešov Prešov Čsl. Graf. Unia 1937
Predmet:

MARC

LEADER 00000cam a2200000 a 4500
001 vtls008370429
003 SK-MaSNL
005 20260301140718.0
008 250313s1937 xo g 000 0 slo
015 |a SNBA19191938-002510 
035 |a SK01SNKBSKHR20020062646 
035 |a urn:nbn:sk:snk-am3hjt3 
035 |a 493F20A6-E182-46BB-99DF-26BE73A1986F 
035 |a urn:nbn:sk:snk-am00d2v0 
035 |a SKM000065109 
040 |a SNK  |b slo  |c SNK  |e AACR2 
041 0 |a slo 
044 |a xo  |c SK  |a xr  |c CZ 
080 |a 372(075)  |2 1981 
080 |a 956.94(075)  |2 1981 
100 1 |a Fehér, Šimon  |4 aut  |9 363940 
245 1 0 |a Cvičebnica dejín izraelských pre židovské ľudové školy  |b pre tretí postupný ročník  |n II.  |c sostavili: Šimon Fehér a Henr. Brenner 
260 |a Praha  |a Prešov  |b Čsl. Graf. Unia  |c 1937  |e Praha  |a Prešov  |f Čsl. Graf. Unia 
300 |a 35, [1] s.  |c 21 cm 
650 0 7 |a dejepis  |2 SNKPH  |9 4288 
651 7 |a Izrael  |2 SNKPHgeo  |9 16888 
655 7 |a cvičebnice  |2 SNKPH  |9 60803 
700 1 |a Brenne, Henr.  |4 aut  |4 com  |9 493711 
852 |a Slovenská národná knižnica 
958 |a OND 
958 |a RK 
958 |a TL 
958 |a EUIPO 
999 |c 764754  |d 766684 
952 |a SNK  |b SNK  |y PREZ  |7 0  |p 17A0743281  |o snkSC 2230/2  |i snk1360/37  |z    |0 0  |1 0  |4 0  |d 2018-05-30  |f 1  |l 0  |r 2025-06-11 00:00:00  |w 2026-02-24